000
00277nam a2200097Ia 4500
082
_a
ST 520 BURG
245
0
_a
Get exam-ready for Engineering science N1
100
_a
BURGER, Hertzog Pinegowrie, 2003
_9
93837
942
_c
BK
008
210817s9999 xx 000 0 und d
999
_c
389363
_d
389362